02062cam a22004097i 450000100090000000300040000900500170001300800410003001000170007102000310008802000280011902000310014702000280017803500240020604000850023004200140031505000240032910000180035324501200037125000360049126400470052730000110057433600260058533700280061133800270063950000760066650400670074252004980080965000210130765000200132865000620134865000200141065000460143065000470147665000880152370000410161120366389OSt20230530152821.0180222s2017 miu b 001 0 eng d a 2017470028 a9780310350231q(hardcover) a0310350239q(hardcover) a9780310351801q(softcover) a0310351804q(softcover) a(OCoLC)ocn986669720 aYDXbengerdacYDXdBDXdCLEdVP@dNYPdOCLCFdWC4dT3SdWSDdOQXdJASdIK2dDLC alccopycat00aBJ1581.2b.C52 20171 aCloud, Henry,10aBoundaries :bwhen to say yes, how to say no to take control of your life /cDr. Henry Cloud and Dr. John Townsend. aUpdated and expanded [edition]. 1aGrand Rapids, Michigan :bZondervan,c2017 a346 p. atextbtxt2rdacontent aunmediatedbn2rdamedia avolumebnc2rdacarrier a"Updated and expanded with boundaries for the digital age"--Front cover aIncludes bibliographical references (pages 327-328) and index. aIf you've ever wondered: Can I set limits and still be a loving person? How do I answer someone who wants my time, love, energy, or money? Why do I feel guilty when I consider setting boundaries? Unpacking the 10 laws of boundaries, Drs. Henry Cloud and John Townsend give you biblically based answers to these and other tough questions, and show you how to set healthy boundaries with your spouse, children, friends, coworkers, and even with yourself--cSource other than Library of Congress. 0aConduct of life. 0aChristian life. 0aInterpersonal relationsxReligious aspectsxChristianity. 4aChristian life. 7aChristian life.2fast0(OCoLC)fst00859185 7aConduct of life.2fast0(OCoLC)fst00874563 7aInterpersonal relationsxReligious aspectsxChristianity.2fast0(OCoLC)fst009774191 aTownsend, John Sims,d1952-eauthor.